Central Library OPAC University of Rajshahi

India's National Library / (Record no. 57034)

MARC details
000 -LEADER
fixed length control field 00705nam a2200241 a 4500
001 - CONTROL NUMBER
control field 57034
003 - CONTROL NUMBER IDENTIFIER
rucl marc code BD-RjUL
005 - DATE AND TIME OF LATEST TRANSACTION
control field 20211209080448.0
008 - FIXED-LENGTH DATA ELEMENTS--GENERAL INFORMATION
fixed length control field 161205s1961 ii a 001 0 eng u
035 ## - SYSTEM CONTROL NUMBER
System control number (BD-RjUL)57158
040 ## - CATALOGING SOURCE
Original cataloging agency BUF
Modifying agency OCL
-- EQO
-- BD-RjUL
Language of cataloging eng
Transcribing agency BD-RjUL
041 ## - LANGUAGE CODE
Language code of text/sound track or separate title eng
082 ## - DEWEY DECIMAL CLASSIFICATION NUMBER
Edition number 23
Classification number 027.50954
Author mark and year KEI 1961
100 ## - MAIN ENTRY--PERSONAL NAME
Personal name Kesavan, B. S.
9 (RLIN) 169452
245 00 - TITLE STATEMENT
Title India's National Library /
Statement of responsibility, etc. by B. S. Kesavan
260 ## - PUBLICATION, DISTRIBUTION, ETC. (IMPRINT)
Place of publication, distribution, etc. Calcutta :
Date of publication, distribution, etc. National library,
Name of publisher, distributor, etc. c1961.
300 ## - PHYSICAL DESCRIPTION
Pagination xii, 300 p.
Illustrations ill. ;
Size 23 cm.
500 ## - GENERAL NOTE
General note Includes index
650 ## - SUBJECT ADDED ENTRY--TOPICAL TERM
Topical term or geographic name as entry element National Library (India)
9 (RLIN) 169453
Topical term or geographic name as entry element Libraries.
9 (RLIN) 169454
710 ## - ADDED ENTRY--CORPORATE NAME
Corporate name or jurisdiction name as entry element National Library (India)
9 (RLIN) 169453
942 ## - ADDED ENTRY ELEMENTS (KOHA)
Source of classification or shelving scheme Dewey Decimal Classification
Koha item type Books
Holdings
Lost status Source of classification or shelving scheme Damaged status Not for loan Collection code Permanent Location Current Location Shelving location Date acquired Source of acquisition Total Checkouts Full call number Date last seen Copy number Koha item type
  Dewey Decimal Classification   Not For Loan Non-fiction Central Library, University of Rajshahi Central Library, University of Rajshahi Reading Room 07/11/1966 UK British industry   027.50954 KEI 1961 05/12/2016 C-1 Books